<?xml version="1.0" encoding="UTF-8"?>
<collection xmlns="http://www.loc.gov/MARC21/slim">
 <record>
  <leader>02002cam a2200385  a4500</leader>
  <controlfield tag="001">1446147835</controlfield>
  <controlfield tag="003">DE-627</controlfield>
  <controlfield tag="005">20200617075723.0</controlfield>
  <controlfield tag="007">tu</controlfield>
  <controlfield tag="008">121206n20uuuuuuxx |||||      00| ||glg c</controlfield>
  <datafield tag="020" ind1=" " ind2=" ">
   <subfield code="a">9788471204592</subfield>
   <subfield code="c">Patrimonio Nacional</subfield>
   <subfield code="9">978-84-7120-459-2</subfield>
  </datafield>
  <datafield tag="020" ind1=" " ind2=" ">
   <subfield code="a">9788495767905</subfield>
   <subfield code="c">Testimonio</subfield>
   <subfield code="9">978-84-95767-90-5</subfield>
  </datafield>
  <datafield tag="035" ind1=" " ind2=" ">
   <subfield code="a">(DE-627)1446147835</subfield>
  </datafield>
  <datafield tag="035" ind1=" " ind2=" ">
   <subfield code="a">(DE-576)376147830</subfield>
  </datafield>
  <datafield tag="035" ind1=" " ind2=" ">
   <subfield code="a">(DE-599)BSZ376147830</subfield>
  </datafield>
  <datafield tag="040" ind1=" " ind2=" ">
   <subfield code="a">DE-627</subfield>
   <subfield code="b">ger</subfield>
   <subfield code="c">DE-627</subfield>
   <subfield code="e">rakwb</subfield>
  </datafield>
  <datafield tag="041" ind1=" " ind2=" ">
   <subfield code="a">glg</subfield>
   <subfield code="a">spa</subfield>
  </datafield>
  <datafield tag="084" ind1=" " ind2=" ">
   <subfield code="a">9,10</subfield>
   <subfield code="2">ssgn</subfield>
  </datafield>
  <datafield tag="245" ind1="1" ind2="4">
   <subfield code="a">Las Cantigas de Santa María</subfield>
   <subfield code="b">Códice Rico, Ms. T-I-1, Real Biblioteca del Monasterio de San Lorenzo de El Escorial</subfield>
   <subfield code="c">Alfonso X El Sabio. Dir. científica y coord. del proyecto Laura Fernández Fernández ...</subfield>
  </datafield>
  <datafield tag="264" ind1=" " ind2="1">
   <subfield code="a">Madrid</subfield>
   <subfield code="b">Patrimonio Nacional</subfield>
   <subfield code="c">20XX-</subfield>
  </datafield>
  <datafield tag="264" ind1=" " ind2="1">
   <subfield code="a">Madrid</subfield>
   <subfield code="b">Testimonio</subfield>
   <subfield code="c">20XX-</subfield>
  </datafield>
  <datafield tag="336" ind1=" " ind2=" ">
   <subfield code="a">Text</subfield>
   <subfield code="b">txt</subfield>
   <subfield code="2">rdacontent</subfield>
  </datafield>
  <datafield tag="337" ind1=" " ind2=" ">
   <subfield code="a">ohne Hilfsmittel zu benutzen</subfield>
   <subfield code="b">n</subfield>
   <subfield code="2">rdamedia</subfield>
  </datafield>
  <datafield tag="338" ind1=" " ind2=" ">
   <subfield code="a">Band</subfield>
   <subfield code="b">nc</subfield>
   <subfield code="2">rdacarrier</subfield>
  </datafield>
  <datafield tag="490" ind1="0" ind2=" ">
   <subfield code="a">Colección Scriptorium</subfield>
  </datafield>
  <datafield tag="655" ind1=" " ind2="7">
   <subfield code="a">Faksimile</subfield>
   <subfield code="0">(DE-588)4153591-1</subfield>
   <subfield code="0">(DE-627)104339624</subfield>
   <subfield code="0">(DE-576)209804548</subfield>
   <subfield code="2">gnd-content</subfield>
  </datafield>
  <datafield tag="689" ind1="0" ind2="0">
   <subfield code="d">u</subfield>
   <subfield code="0">(DE-588)4574042-2</subfield>
   <subfield code="0">(DE-627)267823886</subfield>
   <subfield code="0">(DE-576)213861461</subfield>
   <subfield code="a">Alfons</subfield>
   <subfield code="b">X.</subfield>
   <subfield code="c">der Weise, Kastilien-Léon, König</subfield>
   <subfield code="d">1221-1284</subfield>
   <subfield code="t">Cantigas de Santa María</subfield>
   <subfield code="x">Handschrift</subfield>
   <subfield code="x">El Escorial</subfield>
   <subfield code="x">Escorial-Bibliothek</subfield>
   <subfield code="x">Ms. T. I. 1</subfield>
   <subfield code="2">gnd</subfield>
  </datafield>
  <datafield tag="689" ind1="0" ind2=" ">
   <subfield code="5">(DE-627)</subfield>
  </datafield>
  <datafield tag="700" ind1="0" ind2=" ">
   <subfield code="a">Alfons</subfield>
   <subfield code="b">X.</subfield>
   <subfield code="c">der Weise, Kastilien-Léon, König</subfield>
   <subfield code="d">1221-1284</subfield>
   <subfield code="e">Mutmaßl. Verf.</subfield>
   <subfield code="0">(DE-588)11864811X</subfield>
   <subfield code="0">(DE-627)079433774</subfield>
   <subfield code="0">(DE-576)160052904</subfield>
   <subfield code="4">oth</subfield>
  </datafield>
  <datafield tag="700" ind1="1" ind2=" ">
   <subfield code="a">Fernández Fernández, Laura</subfield>
   <subfield code="e">Hrsg.</subfield>
   <subfield code="0">(DE-588)1042925062</subfield>
   <subfield code="0">(DE-627)76985351X</subfield>
   <subfield code="0">(DE-576)378696661</subfield>
   <subfield code="4">edt</subfield>
  </datafield>
  <datafield tag="787" ind1="0" ind2="8">
   <subfield code="i">Rezensiert in</subfield>
   <subfield code="a">Snow, Joseph T., 1941 - </subfield>
   <subfield code="t">[Rezension von: Alfonso X el Sabio (1221-1284), Las Cantigas de Santa Maria, Códice Rico, Ms T-I-1, 3 Bände]</subfield>
   <subfield code="d">2013</subfield>
   <subfield code="w">(DE-627)170071578X</subfield>
  </datafield>
  <datafield tag="951" ind1=" " ind2=" ">
   <subfield code="a">MC</subfield>
  </datafield>
  <datafield tag="990" ind1=" " ind2=" ">
   <subfield code="a">Alfons &lt;X., der Weise, Kastilien-Léon, König&gt; / Cantigas de Santa María</subfield>
  </datafield>
  <datafield tag="991" ind1=" " ind2=" ">
   <subfield code="a">Rezensiertes Werk</subfield>
  </datafield>
  <datafield tag="999" ind1=" " ind2=" ">
   <subfield code="a">KXP-PPN1446147835</subfield>
   <subfield code="e">4025363410</subfield>
  </datafield>
 </record>
</collection>
